000 00976cam a2200229 a 4500
999 _c58101
_d58101
001 16611331
005 20210615135032.0
008 110114s2015 njua b 001 0 eng
020 _a9789332550223
041 _aeng
080 _a376 T-29
245 0 0 _aTeaching students with special needs in inclusive settings /
_cTom E. C. Smith, Polloway, Edward A.; Patton, James R.; Dowdy, Carol A.
250 _a6th ed.
264 _aBoston :
_bPearson,
_c2012.
300 _a581 p. :
_bill. ;
_c28 cm.
653 _aსპეციალური საჭიროების მქონე სტუდენტების სწავლება ინკლუზიურ პირობებში
653 _aპედაგოგიკა
653 _aОбучение студентов с особыми потребностями в инклюзивной среде
653 _aПедагогика
700 1 _aSmith, Tom E. C.
_912049
942 _cBK